| 000 | 00546nam a2200169Ia 4500 | ||
|---|---|---|---|
| 003 | GCL | ||
| 008 | 140319s9999 xx 000 0 ara d | ||
| 040 |
_aGCL / _cGCL |
||
| 082 | 0 | 4 |
_aق _b962.08 _bم ح |
| 100 | 1 | _aمحمود فوزى | |
| 245 | 1 | 0 |
_aحكام مصر : مبارك / _cمحمود فوزى |
| 260 |
_aالقاهرة : _bمركز الراية للنشر والاعلام ، _c1997 |
||
| 300 | _a118 ص | ||
| 650 | 0 | 4 | _aحسنى مبارك |
| 650 | 0 | 4 | _aمصر - تاريخ - العصر الحديث (1805 - 1956 ) |
| 942 |
_2ddc _cBK |
||
| 999 |
_c47896 _d47896 |
||